| 000 | 00749nam a2200289Ia 4500 | ||
|---|---|---|---|
| 005 | 20260324112614.0 | ||
| 008 | 008 260324s9999 xx 000 0 eng d | ||
| 020 | _a9781003474173 | ||
| 037 | _aEBOOK | ||
| 040 | _aCRL | ||
| 040 | _beng | ||
| 040 | _cCRL | ||
| 041 | _2eng | ||
| 041 | _aeng | ||
| 084 | _qCRL | ||
| 100 |
_aKutub Thakur; Helen G. Barker; Al-Sakib Khan Pathan _91143399 |
||
| 245 | 0 | _aArtificial Intelligence and Large Language Models | |
| 245 | 3 | _bAn Introduction to the Technological Future | |
| 260 | _bTaylor and Francis | ||
| 260 | _c2024 | ||
| 365 | _a | ||
| 365 | _b275 | ||
| 856 | _uhttp://www.taylorfrancis.com/books/9781003474173 | ||
| 942 | _cEBOOK | ||
| 999 |
_c1732664 _d1732664 |
||